Top 10 Least Populated Countries Quiz - Statistics

General Stats
  • This quiz has been taken 34 times
  • The average score is 8 of 10
Answer Stats
Picture Answer % Correct
Monaco
96%
San Marino
96%
Vatican City
96%
Liechtenstein
86%
Palau
82%
Tuvalu
79%
Nauru
75%
St. Kitts and Nevis
71%
Dominica
68%
Marshall Islands
68%
No matching quizzes found
Score Distribution
Percent of People with Each Score
Percentile by Number Answered
Your Score History
You have not taken this quiz